00397nam a2200145Ia 4500008004100000020001400041041001200055082001600067100001400083245008600097260002500183300000800208650001600216700001900232221030s9999 xx 000 0 und d a007460318 aEnglish a105.23bRoy aM. K. Roy 0aCOBOL Programming Including MS - Cobol & Cobol - 85cby M. K. Roy, D. G. Dastidar bTMHaNew Delhic2002 a496 aBE Computer aD. G. Dastidar